|
|
|
|
| LEADER |
00000nam a2200000 a 4500 |
| 001 |
vtls010664003 |
| 003 |
SK-MaSNL |
| 005 |
20260426002822.0 |
| 008 |
160610s2014 xo o g c 000 0dslo |
| 015 |
|
|
|a SNBE2015
|
| 020 |
|
|
|a 9788097158316 (brož.)
|
| 035 |
|
|
|a A8CA627D-0429-4C9F-B908-93CE13189F2D
|
| 035 |
|
|
|a urn:nbn:sk:snk-amkvlb
|
| 035 |
|
|
|a urn:nbn:sk:snk-am003vy8
|
| 040 |
|
|
|a SNK
|b slo
|c SNK
|e AACR2
|
| 041 |
0 |
|
|a slo
|
| 043 |
|
|
|a e-xo---
|
| 044 |
|
|
|a xo
|c SK
|
| 072 |
|
7 |
|a 75
|x Maliarstvo
|2 konspekt
|
| 080 |
|
|
|a 75(437.6)
|2 2001
|
| 080 |
|
|
|a 75.036/.038
|2 2001
|
| 080 |
|
|
|a (437.6)
|2 2001
|
| 080 |
|
|
|a (083.824)
|2 2001
|
| 245 |
0 |
0 |
|a Štefan Filep
|b Obrazy
|c [katalóg zostavili: Štefan Filep a Vladislav Grešlík ; fotografie: Gabriel Bodnár ; grafická úprava: Andrej Filep]
|
| 246 |
3 |
0 |
|a Obrazy
|
| 260 |
|
|
|a Košice
|b Club milovníkov umenia Košíc
|c 2014
|
| 300 |
|
|
|a [31] s.
|b fotogr.
|c 30 cm
|
| 500 |
|
|
|a Životopisné dáta, prehľad výstav
|
| 500 |
|
|
|a Katalóg k výstave, ktorú pripravilo Múzeum Vojtecha Löfflera, Košice, 21. november 2014-január 2015
|
| 500 |
|
|
|a Názov z obalu
|
| 600 |
1 |
7 |
|a Filep, Tamás Gusztáv,
|d 1961-
|t A (cseh)szlovákiai magyar művelődés története 1918-1998
|2 SNKMA
|9 245364
|
| 648 |
|
7 |
|a 20.-21. stor.
|2 SNKPH
|9 270701
|
| 648 |
|
7 |
|a 20th-21st centuries
|2 SNKPHeng
|9 285312
|
| 650 |
0 |
7 |
|a slovenské maliarstvo
|2 SNKPH
|9 3124
|
| 650 |
0 |
7 |
|a moderné maliarstvo
|2 SNKPH
|9 68070
|
| 650 |
0 |
7 |
|a Slovak painting
|2 SNKPHeng
|9 302574
|
| 650 |
0 |
7 |
|a Modern painting
|2 SNKPHeng
|9 315955
|
| 651 |
|
7 |
|a Slovensko
|2 SNKPH
|9 14231
|
| 651 |
|
7 |
|a Slovakia
|2 SNKPHeng
|9 92630
|
| 655 |
|
7 |
|a katalógy výstav
|2 SNKPH
|9 70445
|
| 655 |
|
7 |
|a Exhibition catalogs
|2 SNKPHeng
|9 266232
|
| 700 |
1 |
|
|a Filep, Štefan,
|d 1954-
|4 com
|9 373447
|
| 700 |
1 |
|
|a Grešlík, Vladislav,
|d 1953-
|4 com
|4 cur
|9 199496
|
| 700 |
1 |
|
|a Bodnár, Gabriel
|c ml.
|4 pht
|9 42947
|
| 700 |
1 |
|
|a Filep, Andrej
|4 bkd
|9 605193
|
| 710 |
2 |
|
|a Múzeum Vojtecha Löfflera
|9 234955
|
| 919 |
|
|
|a 978-80-971583-1-6
|
| 999 |
|
|
|c 928123
|d 930053
|
| 952 |
|
|
|a SNK
|b SNK
|y PREZ
|7 0
|p 17A1142469
|o snkOSB 17885
|i snk2015/10831
|8 0
|0 0
|1 0
|4 0
|d 2015-03-27
|f 1
|l 0
|r 2026-02-24 08:39:24
|w 2026-02-24
|
| 952 |
|
|
|a SNK
|b SNK
|y VYP
|7 0
|p 17A1142470
|o snkOSB 17885 D1
|i snk2015/10832
|8 0
|0 0
|1 0
|4 0
|d 2015-03-27
|l 0
|r 2026-02-24 08:39:24
|w 2026-02-24
|